MARC details
| 000 -CABECERA |
| campo de control de longitud fija |
01146cam a2200265 a 4500 |
| 001 - NÚMERO DE CONTROL |
| campo de control |
000011605 |
| 005 - FECHA Y HORA DE LA ÚLTIMA TRANSACCIÓN |
| campo de control |
20200929162512.0 |
| 008 - DATOS DE LONGITUD FIJA--INFORMACIÓN GENERAL |
| campo de control de longitud fija |
940809s1991 sp a b 001 0bspa |
| 020 ## - NÚMERO INTERNACIONAL ESTÁNDAR DEL LIBRO |
| Número Internacional Estándar del Libro |
8478201025 |
| 040 ## - FUENTE DE LA CATALOGACIÓN |
| Centro catalogador/agencia de origen |
DO-SdBNP |
| Lengua de catalogación |
spa |
| Centro/agencia transcriptor |
BNPHU |
| 082 ## - NÚMERO DE LA CLASIFICACIÓN DECIMAL DEWEY |
| Número de clasificación |
686.246553 |
| Número de documento/Ítem |
P371i |
| 100 1# - ENTRADA PRINCIPAL--NOMBRE DE PERSONA |
| Nombre de persona |
Pedraza Gracía, Manuel José, |
| Fechas asociadas al nombre |
1959- |
| 9 (RLIN) |
6145 |
| 245 13 - MENCIÓN DE TÍTULO |
| Título |
La imprenta de Gabriel de Hijar : |
| Resto del título |
Zaragoza, 1576 / |
| Mención de responsabilidad, etc. |
Manuel José Pedraza Gracía. |
| 260 ## - PUBLICACIÓN, DISTRIBUCIÓN, ETC. |
| Lugar de publicación, distribución, etc. |
Zaragoza : |
| Nombre del editor, distribuidor, etc. |
Institución Fernando el Católico, |
| Fecha de publicación, distribución, etc. |
1991. |
| 300 ## - DESCRIPCIÓN FÍSICA |
| Extensión |
150 p. : |
| Otras características físicas |
il., facsíms. ; |
| Dimensiones |
25 cm. |
| 490 1# - MENCIÓN DE SERIE |
| Mención de serie |
Publicación de la Institución "Fernando el Católico" |
| 504 ## - NOTA DE BIBLIOGRAFÍA, ETC. |
| Nota de bibliografía, etc. |
Incluye referencias bibliográficas y notas al pie de las páginas. |
| 651 #4 - PUNTO DE ACCESO ADICIONAL DE MATERIA--NOMBRE GEOGRÁFICO |
| Nombre geográfico |
España |
| Subdivisión general |
Incunables |
| 9 (RLIN) |
27447 |
| 650 #4 - PUNTO DE ACCESO ADICIONAL DE MATERIA--TÉRMINO DE MATERIA |
| Término de materia o nombre geográfico como elemento de entrada |
Imprenta |
| Subdivisión geográfica |
España |
| -- |
Zaragoza |
| Subdivisión general |
Biografía |
| 9 (RLIN) |
27448 |
| 600 14 - PUNTO DE ACCESO ADICIONAL DE MATERIA--NOMBRE DE PERSONA |
| Nombre de persona |
HIJAR, GABRIEL DE, |
| Fechas asociadas al nombre |
fl. 1563-1576. |
| 9 (RLIN) |
27449 |
| 650 #4 - PUNTO DE ACCESO ADICIONAL DE MATERIA--TÉRMINO DE MATERIA |
| Término de materia o nombre geográfico como elemento de entrada |
Imprenta |
| Subdivisión geográfica |
España |
| -- |
Zaragoza |
| Subdivisión general |
Historia |
| Subdivisión cronológica |
SIGLO XVI |
| 9 (RLIN) |
27450 |
| 650 #4 - PUNTO DE ACCESO ADICIONAL DE MATERIA--TÉRMINO DE MATERIA |
| Término de materia o nombre geográfico como elemento de entrada |
Incunables |
| Subdivisión geográfica |
España |
| -- |
Zaragoza |
| Subdivisión cronológica |
SIGLO XVI |
| Subdivisión de forma |
BIBLIOGRAFÍA |
| 9 (RLIN) |
27451 |
| 651 #4 - PUNTO DE ACCESO ADICIONAL DE MATERIA--NOMBRE GEOGRÁFICO |
| Nombre geográfico |
Zaragoza (España{Rpara} |
| Subdivisión general |
Imprenta |
| 9 (RLIN) |
27452 |
| 830 #0 - PUNTO DE ACCESO ADICIONAL DE SERIE-TÍTULO UNIFORME |
| Título uniforme |
Publicación de la Institución "Fernando el Católico" |
| 9 (RLIN) |
13716 |